UM Logo

The scarlet letter / (Record no. 17455)

MARC details
000 -LEADER
fixed length control field 00518nam a2200169 4500
008 - FIXED-LENGTH DATA ELEMENTS--GENERAL INFORMATION
fixed length control field 221020b ||||| |||| 00| 0 eng d
020 ## - INTERNATIONAL STANDARD BOOK NUMBER
International Standard Book Number 9780486280486
020 ## - INTERNATIONAL STANDARD BOOK NUMBER
International Standard Book Number 0486280489
082 ## - DEWEY DECIMAL CLASSIFICATION NUMBER
Edition number 2018
Classification number DFic
Item number H318
100 ## - MAIN ENTRY--PERSONAL NAME
Personal name Hawthorne, Nathaniel.
9 (RLIN) 46091
245 ## - TITLE STATEMENT
Title The scarlet letter /
Statement of responsibility, etc. Nathaniel Hawthorne.
250 ## - EDITION STATEMENT
Edition statement Dover thrift editions.
260 ## - PUBLICATION, DISTRIBUTION, ETC. (IMPRINT)
Place of publication, distribution, etc. Mineola, New York :
Name of publisher, distributor, etc. Dover Publications, Inc.,
Date of publication, distribution, etc. ©2018.
300 ## - PHYSICAL DESCRIPTION
Extent 180 pages ;
Dimensions 20 cm.
650 ## - SUBJECT ADDED ENTRY--TOPICAL TERM
Topical term or geographic name as entry element Adultery
General subdivision Fiction.
9 (RLIN) 46452
942 ## - ADDED ENTRY ELEMENTS (KOHA)
Source of classification or shelving scheme Dewey Decimal Classification
Koha item type Fiction
Holdings
Withdrawn status Lost status Source of classification or shelving scheme Damaged status Not for loan Collection code Home library Current library Shelving location Date acquired Source of acquisition Cost, normal purchase price Total Checkouts Full call number Barcode Date last seen Date last checked out Price effective from Koha item type
    Dewey Decimal Classification     Fiction UM Digos College - LIC UM Digos College - LIC Book Cart 08/16/2022 Purchased 475.00 1 DFic H318 2018 27199 05/15/2025 03/01/2024 10/20/2022 Fiction